000 00471nam a2200181Ia 4500
008 090123s9999 xx 000 0 und d
082 _b5765
_a891.463/जोशी
100 _aजोशी ज.
245 _aरिंगण
250 _a1
260 _bग्रंथाली प्रकाशन
300 _a206
600 _aजोशी ज.
630 _aरिंगण
700 _aजोशी ज.
730 _aरिंगण
942 _cBOOK
999 _c43830
_d43830